| 000 | 00565nam a22001937a 4500 | ||
|---|---|---|---|
| 003 | OSt | ||
| 005 | 20140507144642.0 | ||
| 008 | 140507b xxu||||| |||| 00| 0 eng d | ||
| 020 | _a9789719349181 | ||
| 050 |
_aHF 5635 _b.Ab141 2009 vol.2 |
||
| 100 | _aAbeleda, Nelson S. | ||
| 245 |
_aSimplified accounting for partnership and corporation / _cNelson S. Abeleda. |
||
| 260 |
_aParanaque City : _bNelson Publications, _cc2009. |
||
| 300 |
_a338 p. : _c23 cm. |
||
| 521 | _aBSA | ||
| 650 |
_aAccounting _xPartnership |
||
| 942 |
_2lcc _cBK _kFIL |
||
| 999 |
_c115839 _d115839 |
||